000 00611nam a2200265Ia 4500
005 20260306164138.0
008 008 260114s9999 xx 000 0 eng d
020 _a9781452952291
037 _aEBOOK
040 _aCRL
040 _beng
040 _cCRL
041 _2eng
041 _aeng
084 _qCRL
100 _aÓ Maoilearca
_9929927
245 0 _aAll Thoughts Are Equal
260 _bUniversity of Minnesota Press
260 _c2016
650 _aPhilosophy
856 _uhttps://academic.oup.com/book/13938
942 _cEBOOK
999 _c1712925
_d1712925